00260nam a2200109Ia 4500008004100000100001500041245004200056260001800098650001000116942000700126999001700133190216s9999||||xx |||||||||||||| ||und|| aPawankumar 0aHindi-Sahasyevem Dhadtha Ke Kahaniyam bKalyani Pub:- aHindi cBK c15258d15258